000 00799nam a2200265Ia 4500
003 OSt
005 20220918220410.0
006 a|||||r|||| 00| 0
007 ta
008 220917b |||||||| |||| 00| 0 eng d
024 _a145,918
037 _cTextual
040 _aARTS
_cARTS
_beng
041 _2eng
_aeng
082 _aY7(Q2):3.A, M9(MILSC)
100 _aBiardeau Madeleine
_970428
245 0 _aHindusm
_b The Anthropology of a civilization tr by Richard Nice
260 _aDelhi
_bOxford University Press
_c1992
300 _avi, 189p.
_ccm.
490 _aFrench studies in South Asian culture and society; 3
500 _aGlossary p177
650 _aSOCIOLOGY
942 _hY7(Q2):3.A, M9(MILSC)
_cTEXL
_2CC
999 _c268680
_d268680